[Event "Halmstad op"]
[Site "Halmstad"]
[Date "2025.05.31"]
[Round "8"]
[White "Kring, Stephan"]
[Black "Eklund, Joel"]
[Result "1/2-1/2"]
[WhiteElo "2075"]
[BlackElo "2194"]
[PlyCount "39"]
[EventDate "2025.05.29"]
[EventType "swiss"]
[EventRounds "8"]
[EventCountry "SWE"]
[SourceTitle "CB23_2025"]
[SourceDate "2025.06.04"]
[SourceVersion "1"]
[SourceVersionDate "2025.06.04"]
[SourceQuality "1"]

1. d4 Nf6 2. c4 e6 3. Nf3 d5 4. Nc3 a6 5. cxd5 exd5 6. Qb3 Ra7 7. e4 Be6 8. e5 Ne4 9. Be3 c5 10. dxc5 Nc6 11. Qb6 Qxb6 12. cxb6 Ra8 13. Be2 Bb4 14. Rc1 Rc8 15. 0-0 Nxc3 16. bxc3 Ba3 17. Rb1 0-0 18. Rfd1 Na5 19. Bd4 h6 20. Bd3 1/2-1/2

[Event "Halmstad op"]
[Site "Halmstad"]
[Date "2025.05.29"]
[Round "4"]
[White "Eklund, Joel"]
[Black "Jepson, Christian"]
[Result "0-1"]
[WhiteElo "2194"]
[BlackElo "2399"]
[PlyCount "52"]
[EventDate "2025.05.29"]
[EventType "swiss"]
[EventRounds "8"]
[EventCountry "SWE"]
[SourceTitle "CB23_2025"]
[SourceDate "2025.06.04"]
[SourceVersion "1"]
[SourceVersionDate "2025.06.04"]
[SourceQuality "1"]

1. d4 d6 2. e4 Nf6 3. f3 c5 4. d5 e6 5. c4 g6 6. Ne2 Bg7 7. Nec3 a6 8. a4 Nh5 9. Be3 f5 10. Qd2 0-0 11. Be2 Be5 12. Bg5 Bf6 13. Bh6 Bg7 14. Bg5 Bf6 15. Bh6 e5 16. g3 Rf7 17. exf5 gxf5 18. f4 Ng7 19. Na3 Nd7 20. Nc2 e4 21. h3 Nf8 22. g4 Bxc3 23. Qxc3 Qh4+ 24. Kd2 Qxh6 25. g5 Qh4 26. Raf1 Ng6 0-1

[Event "Vaxjo op"]
[Site "Vaxjo"]
[Date "2025.02.09"]
[Round "8"]
[White "Eklund, Joel"]
[Black "Tabaa, Ghayth"]
[Result "1-0"]
[WhiteElo "2205"]
[BlackElo "2031"]
[PlyCount "115"]
[EventDate "2025.02.07"]
[EventType "swiss"]
[EventRounds "8"]
[EventCountry "SWE"]
[SourceTitle "CB07_2025"]
[SourceDate "2025.02.12"]
[SourceVersion "1"]
[SourceVersionDate "2025.02.12"]
[SourceQuality "1"]

1. d4 e6 2. e4 d5 3. e5 Bd7 4. Nf3 a6 5. a4 c5 6. c3 Nc6 7. dxc5 Bxc5 8. Bd3 Qc7 9. Qe2 Nge7 10. 0-0 Ng6 11. Re1 Ba7 12. h4 Bb8 13. Bxg6 hxg6 14. Bf4 Ba7 15. Nbd2 Ne7 16. Nb3 Nf5 17. g3 Qc4 18. Nbd4 Bxd4 19. cxd4 Rc8 20. Qd1 Qc2 21. Rc1 Qxd1 22. Rxc8+ Bxc8 23. Rxd1 Bd7 24. Rc1 Ne7 25. Rc7 Kd8 26. Rxb7 Kc8 27. Rb4 Kc7 28. Bd2 Rc8 29. Kf1 Be8 30. Ke2 Ra8 31. Ke3 Ra7 32. g4 f6 33. Kf4 a5 34. Rb3 Bxa4 35. Ra3 Bd1 36. Bxa5+ Kd7 37. Bb4 Rxa3 38. bxa3 Nc6 39. exf6 gxf6 40. Bc5 e5+ 41. dxe5 Bxf3 42. exf6 Bd1 43. f7 Nd8 44. f8Q Ne6+ 45. Kg3 Nxf8 46. Bxf8 Ke6 47. Bg7 Ba4 48. Kf4 Bc2 49. Bd4 Bd1 50. Kg5 Kf7 51. h5 gxh5 52. Kxh5 Ke6 53. Kg5 Ba4 54. f4 Bc2 55. f5+ Kf7 56. Kf4 Bd1 57. g5 Bh5 58. Ke5 1-0

[Event "European Corporate"]
[Site "Asnieres sur Seine"]
[Date "2024.11.23"]
[Round "6.7"]
[White "Eklund, Joel"]
[Black "Ternault, Mathieu"]
[Result "1/2-1/2"]
[WhiteElo "2200"]
[BlackElo "2311"]
[PlyCount "85"]
[EventDate "2024.11.22"]
[EventType "team-swiss"]
[EventRounds "9"]
[EventCountry "FRA"]
[SourceTitle "CB48_2024"]
[SourceDate "2024.11.28"]
[SourceVersion "1"]
[SourceVersionDate "2024.11.28"]
[SourceQuality "1"]
[WhiteTeam "TePe Sigeman"]
[BlackTeam "Chateau Montaiguillon"]
[WhiteTeamCountry "SWE"]
[BlackTeamCountry "FRA"]

1. g3 Nc6 2. c4 h5 3. Nf3 e5 4. Nc3 Nd4 5. Bg2 Nxf3+ 6. Bxf3 Nf6 7. d4 exd4 8. Qxd4 d6 9. Bg5 Be7 10. Rd1 a6 11. b3 Rb8 12. Qa7 Nd7 13. Bxe7 Qxe7 14. Nd5 Qd8 15. Qe3+ Kf8 16. h3 Rh6 17. Nf4 h4 18. g4 Qe7 19. Qd4 Qe5 20. Nd5 Qxd4 21. Rxd4 c6 22. Nf4 g5 23. Ng2 Ke7 24. 0-0 Nc5 25. Rfd1 f5 26. gxf5 Bxf5 27. Kh2 Rd8 28. Ne3 Rf6 29. Bg4 Bh7 30. Kg2 a5 31. f3 Ne6 32. Bxe6 Rxe6 33. Kf2 Re5 34. Ng4 Re6 35. e4 Rf8 36. Ke2 Bg6 37. Rg1 Bh5 38. Rd3 Rf4 39. Nf2 Re5 40. Rg2 Rf6 41. Rg1 Rf4 42. Rg2 Rf8 43. Rg1 1/2-1/2

[Event "European Corporate"]
[Site "Asnieres sur Seine"]
[Date "2024.11.23"]
[Round "5.7"]
[White "Fejzullahu, Afrim"]
[Black "Eklund, Joel"]
[Result "0-1"]
[WhiteElo "2184"]
[BlackElo "2200"]
[PlyCount "120"]
[EventDate "2024.11.22"]
[EventType "team-swiss"]
[EventRounds "9"]
[EventCountry "FRA"]
[SourceTitle "CB48_2024"]
[SourceDate "2024.11.28"]
[SourceVersion "1"]
[SourceVersionDate "2024.11.28"]
[SourceQuality "1"]
[WhiteTeam "Post Swiss"]
[BlackTeam "TePe Sigeman"]
[WhiteTeamCountry "SUI"]
[BlackTeamCountry "SWE"]

1. e4 c6 2. d4 d5 3. Nc3 dxe4 4. Nxe4 Nf6 5. Nxf6+ exf6 6. Nf3 Bd6 7. Be2 0-0 8. 0-0 Re8 9. Re1 Nd7 10. Be3 Nf8 11. Qd2 Qc7 12. c4 Ng6 13. g3 Bg4 14. Qc3 h5 15. Kg2 h4 16. Nxh4 Nxh4+ 17. gxh4 Qd7 18. f3 Bh3+ 19. Kh1 Qf5 20. Bf2 Bb4 21. Qd3 Bxe1 22. Rxe1 Re7 23. Qxf5 Bxf5 24. Bf1 Rxe1 25. Bxe1 Re8 26. Bd2 Bb1 27. a3 a6 28. Kg2 b5 29. Kf2 Ba2 30. cxb5 axb5 31. Bc3 Bd5 32. Bd3 g6 33. Bd2 Kg7 34. Bc3 Rh8 35. Kg3 Rh5 36. Bd2 Be6 37. Be4 Bd5 38. Bd3 Kf8 39. Bb4+ Ke8 40. Bd2 Kd7 41. Bf4 Be6 42. Bd2 Bf5 43. Be2 Rh8 44. Bb4 Re8 45. Kf2 Bc2 46. Bc5 Ke6 47. Bf1 Kd5 48. Bh3 Bd3 49. Bd7 Re2+ 50. Kg3 Rxb2 51. Be8 Ke6 52. Bxc6 Bc4 53. Be4 Rb3 54. Bb7 Kd7 55. d5 Rd3 56. d6 Bd5 57. Ba6 Rxf3+ 58. Kg4 Rb3 59. Bb4 Be6+ 60. Kf4 Kc6 0-1

[Event "European Corporate"]
[Site "Asnieres sur Seine"]
[Date "2024.11.22"]
[Round "3.3"]
[White "Stephan, Victor"]
[Black "Eklund, Joel"]
[Result "1/2-1/2"]
[WhiteElo "2346"]
[BlackElo "2200"]
[PlyCount "90"]
[EventDate "2024.11.22"]
[EventType "team-swiss"]
[EventRounds "9"]
[EventCountry "FRA"]
[SourceTitle "CB48_2024"]
[SourceDate "2024.11.28"]
[SourceVersion "1"]
[SourceVersionDate "2024.11.28"]
[SourceQuality "1"]
[WhiteTeam "Europe Echecs"]
[BlackTeam "TePe Sigeman"]
[WhiteTeamCountry "FRA"]
[BlackTeamCountry "SWE"]

1. d4 Nf6 2. c4 c5 3. d5 e6 4. Nc3 exd5 5. cxd5 d6 6. e4 g6 7. f4 Bg7 8. Bb5+ Nfd7 9. Nf3 a6 10. Bd3 b5 11. 0-0 0-0 12. Kh1 Re8 13. f5 Ne5 14. Bg5 Bf6 15. Nxe5 Rxe5 16. Bxf6 Qxf6 17. fxg6 Qxg6 18. Qd2 Bg4 19. Rf4 Nd7 20. Raf1 Rf8 21. Qe3 Qh5 22. a4 c4 23. Be2 Bxe2 24. Nxe2 Rg5 25. Ng3 Qg6 26. Nf5 Re8 27. Qa7 Ne5 28. Qe7 f6 29. Nh6+ Kh8 30. Qxf6+ Qxf6 31. Rxf6 Rg6 32. h3 b4 33. Re6 Rexe6 34. dxe6 Rxe6 35. Nf5 Nd3 36. Ne3 Rxe4 37. Nd5 a5 38. Rf7 Kg8 39. Rc7 Rd4 40. Nf6+ Kf8 41. Rd7 Nxb2 42. Nxh7+ Kg8 43. Nf6+ Kf8 44. Nh7+ Kg8 45. Nf6+ Kf8 1/2-1/2

[Event "SWE-chT 1920 Elite"]
[Site "Sweden"]
[Date "2020.01.31"]
[Round "4.1"]
[White "Jogstad, Martin"]
[Black "Eklund, Joel"]
[Result "1/2-1/2"]
[WhiteElo "2322"]
[BlackElo "2209"]
[PlyCount "205"]
[EventDate "2019.10.18"]
[EventType "team-tourn"]
[EventRounds "9"]
[EventCountry "SWE"]
[SourceTitle "CBM 194 Extra"]
[Source "ChessBase"]
[SourceDate "2020.03.31"]
[SourceVersion "1"]
[SourceVersionDate "2020.03.31"]
[SourceQuality "1"]
[WhiteTeam "Lunds"]
[BlackTeam "Limhamn"]
[WhiteTeamCountry "SWE"]
[BlackTeamCountry "SWE"]

1. d4 Nf6 2. c4 e6 3. Nf3 c5 4. g3 b6 5. Bg2 Bb7 6. d5 exd5 7. Nh4 g6 8. Nc3 Bg7 9. 0-0 0-0 10. Bg5 h6 11. Nxd5 hxg5 12. Nxf6+ Qxf6 13. Bxb7 gxh4 14. Bxa8 Qxb2 15. Qa4 Qxe2 16. Rae1 Qd3 17. Rd1 Qc3 18. Rc1 Qd3 19. Bd5 Nc6 20. Bxc6 dxc6 21. Qxc6 Bd4 22. Kg2 Qe2 23. a4 Kg7 24. Rce1 Qxc4 25. Re7 h3+ 26. Kg1 Rd8 27. Qf3 a6 28. Rfe1 b5 29. axb5 axb5 30. Qb7 b4 31. Rxf7+ Qxf7 32. Re7 Rf8 33. Kf1 Qxe7 34. Qxe7+ Rf7 35. Qe6 Rxf2+ 36. Ke1 Rf7 37. Kd2 Rb7 38. Qd5 Re7 39. Kc2 Re2+ 40. Kd3 Rxh2 41. Qd7+ Kh6 42. Qc8 Kg5 43. Qe6 Rf2 44. Qxh3 b3 45. Qh4+ Kf5 46. Qh3+ Kf6 47. Qh8+ Kf7 48. Qh7+ Bg7 49. Qh1 Kg8 50. Qd5+ Kh7 51. Qh1+ Kg8 52. Qd5+ Kh7 53. Qh1+ Bh6 54. Qb7+ Kh8 55. Qc8+ Bf8 56. Ke3 Rf7 57. Qb8 c4 58. Kd4 b2 59. Kxc4 Kh7 60. Qxb2 Rc7+ 61. Kd5 Bg7 62. Qh2+ Kg8 63. g4 Re7 64. g5 Kf7 65. Qa2 Rd7+ 66. Kc6+ Ke7 67. Qe2+ Kd8 68. Qe6 Rc7+ 69. Kb6 Re7 70. Qxg6 Kd7 71. Qc6+ Kd8 72. Qd5+ Ke8 73. Kc6 Kf8 74. Qd8+ Re8 75. Qd7 Re7 76. Qc8+ Kf7 77. Qf5+ Kg8 78. Kd6 Re5 79. Qc8+ Kf7 80. Qd8 Kg6 81. Qd7 Rxg5 82. Qe8+ Kh7 83. Qe4+ Kg8 84. Qc4+ Kh7 85. Qh4+ Kg6 86. Qe4+ Kh6 87. Qh1+ Kg6 88. Qb1+ Kh6 89. Ke6 Rg6+ 90. Kf7 Rf6+ 91. Ke7 Rf8 92. Qh1+ Kg6 93. Qg2+ Kh7 94. Qh3+ Kg8 95. Qe6+ Kh7 96. Qe4+ Kg8 97. Qg6 Rf6 98. Qe8+ Rf8 99. Qh5 Rf6 100. Qd5+ Kh7 101. Qa8 Rf8 102. Qxf8 Bxf8+ 103. Kxf8 1/2-1/2

[Event "SWE-chT 1718 Elite"]
[Site "Sweden"]
[Date "2017.10.21"]
[Round "2.4"]
[White "Hedman, Erik"]
[Black "Eklund, Joel"]
[Result "1-0"]
[WhiteElo "2366"]
[BlackElo "2226"]
[PlyCount "69"]
[EventDate "2017.10.20"]
[EventType "team-tourn"]
[EventRounds "9"]
[EventCountry "SWE"]
[SourceTitle "CBM 181 Extra"]
[Source "ChessBase"]
[SourceDate "2017.12.12"]
[SourceVersion "1"]
[SourceVersionDate "2017.12.12"]
[SourceQuality "1"]
[WhiteTeam "Stockholm Rockaden"]
[BlackTeam "Limhamn"]
[WhiteTeamCountry "SWE"]
[BlackTeamCountry "SWE"]

1. d4 Nf6 2. c4 c5 3. d5 e6 4. Nc3 exd5 5. cxd5 d6 6. Nf3 g6 7. Bf4 Bg7 8. a4 0-0 9. h3 Qe7 10. e3 Nbd7 11. Be2 Ne8 12. 0-0 a6 13. Nd2 f5 14. Re1 Rb8 15. Qb3 g5 16. Bh2 Qd8 17. a5 f4 18. exf4 gxf4 19. Ra4 b5 20. axb6 Rxb6 21. Qa3 Ne5 22. Rxf4 Rxf4 23. Bxf4 Rb4 24. Bg3 Nc7 25. Nde4 Bf5 26. Bxa6 Bxe4 27. Nxe4 Rxb2 28. Nxc5 dxc5 29. Bxe5 Bxe5 30. Rxe5 Rxf2 31. Qg3+ Kh8 32. Qxf2 Nxa6 33. Qf7 Nc7 34. Re7 Qxd5 35. Qg7# 1-0

[Event "SWE-chT 1011"]
[Site "Sweden"]
[Date "2011.01.15"]
[Round "6"]
[White "Andersson, Johan"]
[Black "Eklund, Joel"]
[Result "0-1"]
[WhiteElo "2117"]
[BlackElo "2234"]
[PlyCount "78"]
[EventDate "2010.10.08"]
[EventType "team-tourn"]
[EventRounds "11"]
[EventCountry "SWE"]
[SourceTitle "EXT 2012"]
[Source "ChessBase"]
[SourceDate "2011.11.24"]
[SourceVersion "1"]
[SourceVersionDate "2011.11.24"]
[SourceQuality "1"]
[WhiteTeam "Eksjo"]
[BlackTeam "Limhamn"]
[WhiteTeamCountry "SWE"]
[BlackTeamCountry "SWE"]

1. e4 c5 2. Nf3 e6 3. Nc3 a6 4. d4 cxd4 5. Nxd4 Qc7 6. g3 Bb4 7. Nde2 Be7 8. Bg2 Nf6 9. 0-0 d6 10. h3 Nc6 11. f4 Bd7 12. Be3 b5 13. g4 h6 14. Ng3 g6 15. Qe1 Rc8 16. Nd5 exd5 17. exd5 Nb8 18. Bd4 Kf8 19. g5 hxg5 20. fxg5 Qxc2 21. gxf6 Bd8 22. Rc1 Qxc1 23. Qxc1 Rxc1 24. Rxc1 Rh4 25. Ba7 Bxf6 26. Bxb8 Be5 27. Ne4 Bxh3 28. Bxh3 Rxe4 29. Rc2 Ke7 30. b3 Bd4+ 31. Kf1 Bc5 32. Rxc5 dxc5 33. d6+ Ke8 34. d7+ Kd8 35. Ba7 Rf4+ 36. Ke2 Rf6 37. Bxc5 Rc6 38. Bb4 Re6+ 39. Kd3 f5 0-1

[Event "SWE-chT 1011"]
[Site "Sweden"]
[Date "2010.12.04"]
[Round "5"]
[White "Eklund, Joel"]
[Black "Liljedahl, Lennart"]
[Result "0-1"]
[WhiteElo "2234"]
[BlackElo "2280"]
[PlyCount "66"]
[EventDate "2010.10.08"]
[EventType "team-tourn"]
[EventRounds "11"]
[EventCountry "SWE"]
[SourceTitle "EXT 2012"]
[Source "ChessBase"]
[SourceDate "2011.11.24"]
[SourceVersion "1"]
[SourceVersionDate "2011.11.24"]
[SourceQuality "1"]
[WhiteTeam "Limhamn"]
[BlackTeam "Manhem"]
[WhiteTeamCountry "SWE"]
[BlackTeamCountry "SWE"]

1. c4 e5 2. g3 Bc5 3. Bg2 d6 4. Nc3 a6 5. Nf3 Nc6 6. 0-0 Nge7 7. e3 Ba7 8. h3 0-0 9. d4 exd4 10. exd4 Nf5 11. Ne2 Re8 12. Kh1 h6 13. b3 Bd7 14. Bb2 g5 15. Qd2 Qf6 16. d5 Ne5 17. Nfd4 Nxd4 18. Nxd4 Qg6 19. f4 gxf4 20. gxf4 Qd3 21. Qf2 Ng6 22. Rad1 Qe3 23. Qc2 Qg3 24. Rf3 Qh4 25. Nf5 Re1+ 26. Rxe1 Bxf5 27. Qxf5 Qxe1+ 28. Rf1 Qe7 29. Bf6 Qe2 30. Ba1 Qxg2+ 31. Kxg2 Nh4+ 32. Kh2 Nxf5 33. Re1 Kf8 0-1

[Event "SWE-chC op"]
[Site "Lund"]
[Date "2010.07.09"]
[Round "7"]
[White "Persson, Andreas"]
[Black "Eklund, Joel"]
[Result "1/2-1/2"]
[WhiteElo "2097"]
[BlackElo "2192"]
[PlyCount "74"]
[EventDate "2010.07.03"]
[EventType "swiss"]
[EventRounds "9"]
[EventCountry "SWE"]
[SourceTitle "CBM 137 Extra"]
[Source "ChessBase"]
[SourceDate "2010.09.01"]
[SourceVersion "1"]
[SourceVersionDate "2010.09.01"]
[SourceQuality "1"]

1. e4 c5 2. Nf3 e6 3. c3 Nf6 4. e5 Nd5 5. d4 cxd4 6. cxd4 b6 7. Bd3 Bb4+ 8. Bd2 Bxd2+ 9. Nbxd2 Ba6 10. Bxa6 Nxa6 11. Ne4 0-0 12. a3 f6 13. 0-0 Qe7 14. Nd6 Nb8 15. Re1 Nc6 16. Nc4 Qf7 17. Qd3 Qh5 18. Rad1 Rac8 19. Nd6 Rb8 20. Re4 fxe5 21. dxe5 b5 22. b4 a6 23. Qb3 Rxf3 24. Qxf3 Qxf3 25. gxf3 Nc3 26. Rde1 Nxe4 27. Rxe4 Kf8 28. Kg2 Ke7 29. f4 h6 30. h4 Rg8 31. Kh3 g5 32. fxg5 hxg5 33. Nb7 gxh4 34. Kxh4 Rf8 35. Kg3 Rg8+ 36. Kf4 Rh8 37. Kg3 Rg8+ 1/2-1/2

[Event "SWE-chC op"]
[Site "Lund"]
[Date "2010.07.05"]
[Round "3"]
[White "Mardell, Jimmy"]
[Black "Eklund, Joel"]
[Result "1-0"]
[WhiteElo "2151"]
[BlackElo "2192"]
[PlyCount "55"]
[EventDate "2010.07.03"]
[EventType "swiss"]
[EventRounds "9"]
[EventCountry "SWE"]
[SourceTitle "CBM 137 Extra"]
[Source "ChessBase"]
[SourceDate "2010.09.01"]
[SourceVersion "1"]
[SourceVersionDate "2010.09.01"]
[SourceQuality "1"]

1. e4 c5 2. Nf3 e6 3. Nc3 a6 4. d4 cxd4 5. Nxd4 Qc7 6. Bd3 Nf6 7. 0-0 d6 8. f4 b5 9. Kh1 Bb7 10. e5 dxe5 11. fxe5 Qxe5 12. Bf4 Qc5 13. Be3 Be7 14. Qd2 Qc7 15. Rae1 0-0 16. Bg5 Nbd7 17. Nf5 Bd8 18. Bf4 Qb6 19. Nd6 Bc6 20. Re3 Nd5 21. Bxh7+ Kxh7 22. Rh3+ Kg8 23. Bh6 Bf6 24. Rxf6 N7xf6 25. Bxg7 Ng4 26. Bf6 Nf2+ 27. Qxf2 Qxf2 28. Rh8# 1-0

[Event "SWE-chT 0910"]
[Site "Sweden"]
[Date "2010.02.06"]
[Round "7"]
[White "Eklund, Joel"]
[Black "Thornert, Hakan"]
[Result "1/2-1/2"]
[WhiteElo "2135"]
[BlackElo "2193"]
[PlyCount "67"]
[EventDate "2009.10.16"]
[EventType "team"]
[EventRounds "11"]
[EventCountry "SWE"]
[SourceTitle "EXT 2011"]
[Source "ChessBase"]
[SourceDate "2010.11.26"]
[SourceVersion "1"]
[SourceVersionDate "2010.11.26"]
[SourceQuality "1"]
[WhiteTeam "Limhamn"]
[BlackTeam "Eksjo"]
[WhiteTeamCountry "SWE"]
[BlackTeamCountry "SWE"]

1. d4 d5 2. Bg5 f6 3. Bh4 Nh6 4. e3 Nf5 5. Bd3 Nxh4 6. Qh5+ Ng6 7. Bxg6+ hxg6 8. Qxh8 Bf5 9. Ne2 c6 10. 0-0 Qb6 11. c4 dxc4 12. Nbc3 Bd3 13. Nf4 Bxf1 14. Ne6 Nd7 15. Rxf1 Kf7 16. Ne4 Qxb2 17. Qh7 Qc2 18. f3 c3 19. h4 Qd3 20. Re1 c2 21. Nf4 Qd1 22. Qxg6+ Kg8 23. Rxd1 cxd1Q+ 24. Kh2 e6 25. Nh5 Kh8 26. Qf7 Qe1 27. Nf4 Qxh4+ 28. Kg1 Qe1+ 29. Kh2 Qxe3 30. Nxe6 Qh6+ 31. Kg1 Qe3+ 32. Kh2 Qh6+ 33. Kg1 Qe3+ 34. Kh2 1/2-1/2

[Event "SWE-chT 0910"]
[Site "Sweden"]
[Date "2010.01.16"]
[Round "6"]
[White "Gajic, Mladen"]
[Black "Eklund, Joel"]
[Result "1/2-1/2"]
[WhiteElo "2263"]
[BlackElo "2135"]
[PlyCount "81"]
[EventDate "2009.10.16"]
[EventType "team"]
[EventRounds "11"]
[EventCountry "SWE"]
[SourceTitle "EXT 2011"]
[Source "ChessBase"]
[SourceDate "2010.11.26"]
[SourceVersion "1"]
[SourceVersionDate "2010.11.26"]
[SourceQuality "1"]
[WhiteTeam "Lunds"]
[BlackTeam "Limhamn"]
[WhiteTeamCountry "SWE"]
[BlackTeamCountry "SWE"]

1. e4 c5 2. c3 Nf6 3. e5 Nd5 4. Bc4 Nb6 5. Bb3 d6 6. Nf3 e6 7. 0-0 Nc6 8. exd6 Bxd6 9. d4 0-0 10. a4 cxd4 11. Nxd4 Nxd4 12. Qxd4 Qc7 13. Qh4 Bd7 14. Na3 a6 15. a5 Nd5 16. Nc4 Be7 17. Qe4 Bb5 18. Rd1 Rad8 19. Bd2 Bc5 20. Bg5 Be7 21. Bxe7 Qxe7 22. Ne5 Nf6 23. Qe3 Nd7 24. c4 Nxe5 25. cxb5 Qb4 26. bxa6 bxa6 27. Qxe5 Qxb3 28. Qe2 g6 29. h3 Rxd1+ 30. Rxd1 Rb8 31. Rd6 Qb5 32. Qxb5 Rxb5 33. Rxa6 Rxb2 34. g4 h6 35. Kg2 Rb3 36. Rb6 Ra3 37. a6 g5 38. f3 Kg7 39. Kf2 Kg6 40. Ke2 h5 41. gxh5+ 1/2-1/2